000
00232nam a2200097Ia 4500
008
240331s9999 xx 000 0 und d
082
_a
010
_b
REG
100
_a
Dias, Niranjali. ed
245
0
_a
Regionalcooperation inSouth Asia
942
_c
L
999
_c
665
_d
665